000 00369nam a2200157Ia 4500
008 230711s9999||||xx |||||||||||||| ||und||
041 _aENG
082 _a621
_bGO-N
100 _aGoel,B.S
245 0 _aNumerical analysis
250 _a1st . Ed.
260 _c1999
_aNew Delhi
_bPragati Parkashan Meerut
650 _aMathematics
700 _aMittal,SK
942 _cBK
999 _c3760
_d3760